| 000 | 00933nam a22003017a 4500 | ||
|---|---|---|---|
| 003 | EG-ScBUE | ||
| 005 | 20220403101108.0 | ||
| 008 | 110504r20011994enk f 000 d eng d | ||
| 020 | _a0140621504 | ||
| 020 | _a9780140621501 | ||
| 040 |
_aEG-ScBUE _beng _erda _cEG-ScBUE _dEG-ScBUE |
||
| 082 | 0 | 4 |
_222 _a822.33 _bSHA |
| 100 | 1 |
_97572 _aShakespeare, William, _d1564-1616, _eauthor. |
|
| 245 | 1 | 0 |
_aJulius Caesar / _cWilliam Shakespeare. |
| 250 | _aReprinted edition. | ||
| 264 | 1 |
_aLondon : _bPenguin Books, _c2001. |
|
| 300 |
_a119 pages ; _c18 cm. |
||
| 336 |
_2rdacontent _atext _btxt |
||
| 337 |
_2rdamedia _aunmediated _bn |
||
| 338 |
_2rdacarrier _avolume _bnc |
||
| 490 | 0 | _aPenguin popular classics | |
| 650 | _2BUEsh | ||
| 651 | 7 |
_923591 _aRome _xHistory _y53-44 B.C _vDrama. _2BUEsh |
|
| 653 |
_cMay2011 _bHHUUEENN |
||
| 655 |
_vReading book _934232 |
||
| 942 |
_2ddc _cBB |
||
| 999 |
_c15240 _d15240 |
||